| 000 | 00526nam a2200217Ia 4500 | ||
|---|---|---|---|
| 005 | 20251020182516.0 | ||
| 008 | 200515s9999 xx 000 0 und d | ||
| 020 | _a10-84-96823-49-0 | ||
| 082 | _a658.8/M61 | ||
| 100 | _aMinguet, Josep MarĂa | ||
| 245 | 0 | _aThis is visual merchandising! | |
| 260 | _aBarcelona | ||
| 260 | _bMonsa | ||
| 260 | _c2008 | ||
| 300 | _bil., col. | ||
| 500 | _a1 ejemplar | ||
| 520 | _aCompendio ilustrado de escaparatismo. | ||
| 650 | _aESCAPARATISMO | ||
| 942 | _cLIB | ||
| 999 |
_c1592 _d1592 |
||